000 00758nam a2200229Ii 4500
001 54544
005 20250912181038.0
008 241108s9999||||xx |||||||||||||| ||und||
040 _aCO-ViMGA
_bspa
_erda
_cCO-ViMGA
084 _aP PAR17p
100 1 _aParedes, Pedro Pablo
_d1917-2009
_eautor
_964921
245 1 0 _aPueblos del Táchira /
_cPedro Pablo Paredes
264 1 _aCarracas, Venezuela :
_bItalgráfica,
_c1982
300 _a263 páginas
_c22 cm.
336 _atexto
_btxt
_2rdacontenido
337 _ano mediado
_bn
_2rdamedio
338 _avolume
_bnc
_2rdasoporte
490 _aBiblioteca de autores y temas tachirenses
650 1 7 _aPoesía venezolana.
_2BLAAUTO
_964922
651 _aTáchira, Venezuela
_vPoesías.
_964924
942 _cBKLIT
_2ddc
999 _c54544
_d54544